[Event "Rottach Egern Seniors Cup 11th"]
[Site "Rottach Egern"]
[Date "2023.04.17"]
[Round "3"]
[White "Lachat, Martin"]
[Black "Kalbitz, Erika"]
[Result "1-0"]
[WhiteElo "1560"]
[BlackElo "1227"]
[PlyCount "95"]
[EventDate "2023.04.15"]
[EventType "swiss"]
[EventRounds "9"]
[EventCountry "GER"]
[SourceTitle "EXT 2024"]
[Source "ChessBase"]
[SourceDate "2023.10.10"]
[SourceVersion "1"]
[SourceVersionDate "2023.10.10"]
[SourceQuality "1"]

1. c4 c5 2. Nc3 Nf6 3. Nf3 e6 4. g3 Nc6 5. Bg2 d6 6. 0-0 Be7 7. e3 0-0 8. a3 Rb8 9. d4 cxd4 10. exd4 d5 11. cxd5 exd5 12. Re1 Re8 13. Bf4 Bd6 14. Rxe8+ Nxe8 15. Bxd6 Qxd6 16. Qe2 Be6 17. Re1 Nf6 18. Qd3 a6 19. b4 b5 20. Ne5 Re8 21. f4 g6 22. h3 Bf5 23. Qd2 Ne4 24. Nxe4 dxe4 25. g4 Bd7 26. Nxd7 Qxd7 27. d5 f5 28. gxf5 gxf5 29. Rd1 Ne7 30. d6 Ng6 31. Qc2 Rc8 32. Qa2+ Kg7 33. Qb2+ Kg8 34. Qb3+ Kg7 35. Qg3 Kf6 36. Qg5+ Kf7 37. h4 Rg8 38. Rd5 Ne7 39. Qxe7+ Qxe7 40. dxe7 Kxe7 41. Rxf5 Ke6 42. Re5+ Kf6 43. Rxe4 Rg4 44. h5 Kf5 45. Kf2 Rxf4+ 46. Rxf4+ Kxf4 47. Bb7 Kg5 48. Bxa6 1-0